| 000 | 00769nam a22002417a 4500 | ||
|---|---|---|---|
| 003 | OSt | ||
| 005 | 20231101151515.0 | ||
| 008 | 221006b |||||||| |||| 00| 0 eng d | ||
| 040 | _cBiblioteca Lado V | ||
| 082 |
_a708 _bC348r |
||
| 100 |
_9352 _aCastellón, Rolando _eautor |
||
| 245 | _aRolando Castellón/ | ||
| 260 |
_aSan José _c2019 |
||
| 300 |
_a20 p. _c14 x 22 cm |
||
| 366 | _efre | ||
| 366 | _eeng | ||
| 650 |
_2Tesauro de Arte & Arquitectura _aARTE _9703 |
||
| 650 |
_2Tesauro de Arte & Arquitectura _aFOTOGRAFIA _9702 |
||
| 650 |
_2Tesauro de Arte & Arquitectura _aESCULTURA _9703 |
||
| 650 |
_2Tesauro de Arte & Arquitectura _aEXHIBICIÓN |
||
| 650 |
_2Tesauro de Arte & Arquitectura _aCRÍTICA |
||
| 942 |
_2ddc _c1 _h708 _iC348r _n0 |
||
| 999 |
_c4526 _d4526 |
||